Artículos escogidos / (Record no. 163616)

MARC details
000 -LEADER
campo de control de longitud fija 00605nam a22001815i 4500
001 - NÚMERO DE CONTROL
campo de control 163616
003 - IDENTIFICADOR DE NÚMERO DE CONTROL
campo de control ES-MaACL
005 - FECHA Y HORA DE LA ÚLTIMA TRANSACCIÓN
campo de control 20250816063147.0
008 - DATOS DE LONGITUD FIJA--INFORMACIÓN GENERAL
campo de control de longitud fija 981002s1885 sp |||| | spa d
040 ## - FUENTE DE CATALOGACIÓN
Centro catalogador/agencia de origen CLM
Lengua de catalogación spa
Centro/agencia transcriptor CCPB | 3D
100 1# - ENTRADA PRINCIPAL--NOMBRE DE PERSONA
Nombre de persona Robert, Roberto,
Fechas asociadas al nombre 1827-1873
9 (RLIN) 97814
245 10 - MENCIÓN DEL TÍTULO
Título Artículos escogidos /
Mención de responsabilidad, etc. Roberto Robert.
260 ## - PUBLICACIÓN, DISTRIBUCIÓN, ETC.
Lugar de publicación, distribución, etc. Madrid :
Nombre del editor, distribuidor, etc. [s.n.],
Fecha de publicación, distribución, etc. 1885 (
Fabricante Tipografía de Dionisio de los Rios)
300 ## - DESCRIPCIÓN FÍSICA
Extensión 294 p. ;
Dimensiones 17 cm.
505 8# - NOTA DE CONTENIDO CON FORMATO
Nota de contenido con formato Contiene: El diablo; Los milagros; Los señores; Los obispos
852 ## - LOCALIZACIÓN
Ubicación ES-MaACL
Número de control de estantería F-448
Nota libre -- Enc. hol.
Holdings
Estatus retirado Estado de pérdida Estado de daño No para préstamo Colección Biblioteca de origen Biblioteca actual Ubicación en estantería Fecha de adquisición Fuente de adquisición Total de préstamos Signatura topográfica completa Código de barras Visto por última vez Precio de reemplazo Tipo de ítem Koha
        Libros del s. XIX Biblioteca del Ateneo de Madrid Biblioteca del Ateneo de Madrid Depósito 2 17/01/2008     F-448 1171457 23/02/2023 23/02/2023 Libro impreso antiguo